| 000 | 01352nam a2200241Ia 4500 | ||
|---|---|---|---|
| 003 | Ost | ||
| 005 | 20260507074934.0 | ||
| 008 | 260507s9999||||xx |||||||||||||| ||und|| | ||
| 020 | _a9789957323608 | ||
| 040 | _cfsecg | ||
| 041 | _aara | ||
| 082 | _a332.14;658.15 | ||
| 100 |
_aاحمد، يوسف عبد الوهاب _eمؤلف |
||
| 245 | 0 |
_aالتمويل وادراة المؤسسات المالية / _c يوسف عبد الوهاب احمد |
|
| 260 |
_aعمان : _bدار الحامد, _c2008 |
||
| 300 |
_a211 صفحة؛ _c24 سم |
||
| 504 | _aبيبليوغرافيا ص.207 | ||
| 520 | _aيحتوي الكتاب على : مفهوم التمويل والإدارة المالية ، القرارات الإستثمارية وتقويم مشروعات الإستثمار ، قرارات التمويل وهيكل رأس المال وتحليل القوائم المالية ، صيغ التمويل الإسلامية ،تعريف النقود ووظائفها و اهميتها، الإئتمان و دور المسؤوليات المالية في التنمية الإقتصادية ، البنوك والمصارف ، إدارة رأس المال ، شركات التأمين ، المراجع | ||
| 653 | _aالادارة المالية | ||
| 653 | _aالتمويل | ||
| 653 | _aمؤسسات مالية | ||
| 942 | _cكتاب | ||
| 999 |
_c41873 _d41873 |
||